[Event "Championnat de France 2022"]
[Site "ALBI, France"]
[Date "2022.08.19"]
[Round "7.5"]
[White "Pieri, Pierre-Louis"]
[Black "Saya, Ethan"]
[Result "0-1"]
[WhiteElo "2109"]
[BlackElo "2146"]
[PlyCount "92"]
[EventDate "2022.??.??"]

1. e4 {172} e6 {69} 2. d4 {8} d5 {5} 3. Nc3 {10} Nf6 {5} 4. Bg5 {34} dxe4 {11}
5. Nxe4 {58} Be7 {5} 6. Bxf6 {81} gxf6 {19} 7. Nf3 {58} f5 {38} 8. Nc3 {220}
Bf6 {438} 9. Qd2 {211} c5 {467} 10. Bb5+ {312} Bd7 {205} 11. Bxd7+ {596} Nxd7 {
247} 12. d5 {6} Qa5 {201} 13. O-O {194} O-O-O {93} 14. Rfd1 {1190} Nb6 {484}
15. d6 {55} Kb8 {263} 16. Qf4 {71} Qb4 {172} 17. Qh6 {148} Bxc3 {295} 18. bxc3
{6} Qxc3 {20} 19. Rab1 {105} Rhg8 {220} 20. Rd3 {230} Qg7 {116} 21. Qh3 {100}
Nd5 {201} 22. Ne1 {71} b6 {829} 23. Rdb3 {1171} Rxd6 {249} 24. Qd3 {224} Qd4 {
50} 25. Qh3 {362} Rg7 {144} 26. a4 {191} c4 {112} 27. Nf3 {115} Qg4 {80} 28.
Ne5 {4} Qxg2+ {37} 29. Qxg2 {6} Rxg2+ {5} 30. Kxg2 {6} cxb3 {4} 31. Rxb3 {51}
f6 {24} 32. Nc4 {129} Rc6 {51} 33. Ne3 {10} Rc3 {142} 34. Rxc3 {180} Nxc3 {7}
35. Kg3 {5} Nxa4 {40} 36. Kh4 {5} Nb2 {208} 37. Kh5 {35} a5 {37} 38. c3 {10} f4
{24} 39. Nc2 {58} Nd1 {12} 40. Kh6 {62} Nxf2 {11} 41. Kxh7 {7} a4 {36} 42. Kg6
{8} Ng4 {17} 43. h3 {6} f3 {10} 44. hxg4 {42} f2 {6} 45. Ne3 {3} a3 {4} 46.
Kxf6 {6} a2 {4} 0-1

[Event "Championnat de France 2022"]
[Site "ALBI, France"]
[Date "2022.08.20"]
[Round "8.1"]
[White "Pourquet, Matthieu"]
[Black "Trabet, Mathis"]
[Result "1/2-1/2"]
[WhiteElo "2190"]
[BlackElo "2066"]
[PlyCount "61"]
[EventDate "2022.??.??"]

1. d4 {42} Nf6 {7} 2. c4 {2} g6 {258} 3. Nc3 {5} Bg7 {19} 4. e4 {5} d6 {27} 5.
h3 {32} O-O {8} 6. Be3 {2} c5 {6} 7. d5 {5} e6 {78} 8. Nf3 {80} Na6 {16} 9. Bd3
{172} Nc7 {139} 10. a4 Na6 {117} 11. O-O {75} e5 {44} 12. Ne1 {937} Nh5 {486}
13. Be2 {107} Nf4 {152} 14. Kh2 {797} Nb4 {343} 15. Ra3 {223} Kh8 {368} 16. Rg1
{73} f5 {1038} 17. Bf1 {89} g5 {253} 18. exf5 {419} Bxf5 {220} 19. g3 {46} Ng6
{45} 20. Qh5 {9} Nc2 {393} 21. Nxc2 {513} Bxc2 {80} 22. Qe2 {148} Bf5 {42} 23.
Bg2 {4} h6 {112} 24. Be4 {98} Ne7 {117} 25. Qh5 {432} Ng8 {134} 26. Bxf5 {127}
Rxf5 {2} 27. h4 {390} Nf6 {156} 28. Qe2 {12} g4 {178} 29. Qc2 {79} Qd7 {311}
30. Ne4 {107} Nxe4 {43} 31. Qxe4 {138} 1/2-1/2

[Event "Championnat de France 2022"]
[Site "ALBI, France"]
[Date "2022.08.20"]
[Round "8.2"]
[White "Muller, Etienne"]
[Black "Bitbol-Delaveyne, Maelan"]
[Result "1-0"]
[WhiteElo "2118"]
[BlackElo "2116"]
[PlyCount "66"]
[EventDate "2022.??.??"]

1. Nf3 {9} d5 {26} 2. c4 {47} e6 {7} 3. e3 {17} f5 {46} 4. b3 {60} Nf6 {43} 5.
Bb2 {49} Bd6 {19} 6. h3 {134} Qe7 {379} 7. Qc2 {41} c6 {63} 8. Nc3 {24} O-O {
718} 9. g4 {222} e5 {1509} 10. cxd5 {1002} fxg4 {344} 11. hxg4 {74} Bxg4 {55}
12. Ng5 {18} h6 {188} 13. dxc6 {129} bxc6 {1962} 14. Bc4+ {12} Kh8 {10} 15. Qg6
{18} Nbd7 {155} 16. Bf7 {42} Bf5 {74} 17. Qxf5 {54} Rxf7 {6} 18. Nxf7+ {22}
Qxf7 {3} 19. Ne4 {18} Qe7 {151} 20. Rc1 {105} Nxe4 {21} 21. Qxe4 {19} Nc5 {19}
22. Rxc5 {408} Bxc5 {2} 23. Bxe5 {10} Qg5 {224} 24. Qxc6 {43} Qxe5 {21} 25.
Qxa8+ {17} Kh7 {1} 26. Rh4 {143} Qa1+ {84} 27. Ke2 {5} Qxa2 {23} 28. Rc4 {26}
Qa6 {38} 29. Qe4+ {186} Kh8 {3} 30. Qf5 {38} Be7 {97} 31. Qc8+ {6} Qxc8 {9} 32.
Rxc8+ {4} Kh7 {11} 33. Rc7 {5} Kg8 {45} 1-0

[Event "Championnat de France 2022"]
[Site "ALBI, France"]
[Date "2022.08.20"]
[Round "8.3"]
[White "Saya, Ethan"]
[Black "Baroyan, Davit"]
[Result "1-0"]
[WhiteElo "2146"]
[BlackElo "2144"]
[PlyCount "55"]
[EventDate "2022.??.??"]

1. d4 {135} c5 {126} 2. d5 {31} e5 {57} 3. e4 {49} d6 {47} 4. Bb5+ {90} Nd7 {71
} 5. a4 {99} g6 {373} 6. Nc3 {657} Bg7 {1051} 7. Nf3 {211} Ne7 {429} 8. Nd2 {63
} O-O {347} 9. Be2 {740} f5 {528} 10. O-O {610} Nf6 {280} 11. f4 {75} exf4 {146
} 12. Rxf4 {127} Bh6 {258} 13. Rf1 {306} Be3+ {870} 14. Kh1 {10} Bd4 {83} 15.
Bf3 {350} Bxc3 {416} 16. bxc3 {10} fxe4 {28} 17. Nxe4 {35} Nxe4 {258} 18. Bxe4
{8} Rxf1+ {390} 19. Qxf1 {9} Bf5 {2} 20. Qd3 {315} Bxe4 {154} 21. Qxe4 {3} Nf5
{9} 22. Qe6+ {94} Kg7 {131} 23. g4 {223} Nh6 {41} 24. c4 {76} Nf7 {22} 25. Bb2+
{123} Kf8 {2} 26. Rf1 {184} Qe7 {2} 27. Bg7+ {16} Ke8 {1} 28. Rxf7 {12} 1-0

[Event "Championnat de France 2022"]
[Site "ALBI, France"]
[Date "2022.08.20"]
[Round "8.4"]
[White "Grancher, Etienne"]
[Black "Devallee, Jeremie"]
[Result "0-1"]
[WhiteElo "1999"]
[BlackElo "2186"]
[PlyCount "84"]
[EventDate "2022.??.??"]

1. e4 c5 {8} 2. Ne2 {8} d6 {6} 3. g3 {12} Nc6 {42} 4. Bg2 {23} g6 {17} 5. c3 {
87} Bg7 {25} 6. O-O {101} h5 {58} 7. h3 {112} h4 {311} 8. g4 {263} f5 {171} 9.
f3 {303} e5 {761} 10. Na3 {116} Nge7 {49} 11. Nc2 {357} d5 {98} 12. d3 {81} Be6
{79} 13. Be3 {1117} Qd6 {568} 14. d4 {576} dxe4 {156} 15. fxe4 {12} Bc4 {1337}
16. d5 {128} O-O-O {686} 17. dxc6 {1102} Qxc6 {5} 18. Qe1 {39} f4 {8} 19. Bf2 {
83} g5 {25} 20. Bf3 {1094} Rd3 {52} 21. Kg2 Rhd8 {7} 22. Rh1 {14} Rxf3 {532}
23. Kxf3 {3} Rd3+ {8} 24. Kg2 {254} f3+ {5} 25. Kg1 {14} fxe2 {7} 26. Ne3 {63}
Ba6 {124} 27. Qxe2 {174} Qxe4 {6} 28. Rd1 {72} Nd5 {65} 29. Rxd3 {1} Bxd3 {29}
30. Qd2 {46} Nf4 {6} 31. Rh2 {69} Ne2+ {40} 32. Kf1 Nd4+ {9} 33. Ke1 {5} Nf3+ {
4} 34. Kd1 Nxd2 {19} 35. Kxd2 Qf4 {40} 36. Bg1 {24} e4 {313} 37. a3 {132} Bd4
38. cxd4 {49} cxd4 {12} 39. Rh1 {18} a5 {33} 40. b4 {84} a4 {6} 41. b5 {39} Kd7
{6} 42. b6 {12} Ke6 {22} 0-1

[Event "Championnat de France 2022"]
[Site "ALBI, France"]
[Date "2022.08.20"]
[Round "8.5"]
[White "Bourdeaux, Gabin"]
[Black "Berger Dit Lacroix, Kilian"]
[Result "1-0"]
[WhiteElo "1983"]
[BlackElo "2131"]
[PlyCount "79"]
[EventDate "2022.??.??"]

1. c4 {4} Nf6 {13} 2. Nc3 {32} g6 {15} 3. e4 {53} d6 {11} 4. g3 {30} Bg7 {20}
5. Bg2 {5} c5 {125} 6. Nge2 {101} Nc6 {40} 7. O-O {25} Bd7 {218} 8. d3 {87} Rb8
{203} 9. h3 {219} a6 {350} 10. a4 {118} Qc8 {300} 11. g4 {866} h5 {658} 12. g5
{33} Ng8 {21} 13. h4 {168} Bh3 {141} 14. Ng3 {332} Qg4 {280} 15. Qxg4 {191}
Bxg4 {33} 16. f3 {220} Bd7 {32} 17. Nd5 {59} e6 {61} 18. Nb6 {17} Nb4 {90} 19.
Rd1 {458} Ne7 {231} 20. Bf4 {157} Bd4+ {441} 21. Kh2 {35} e5 {65} 22. Bc1 {123}
Be6 {334} 23. Nd5 {149} Bxd5 {5} 24. exd5 {24} Kd8 {782} 25. Ne4 {169} Kc7 {23}
26. Bh3 {78} Ra8 {370} 27. a5 {276} Rhb8 {55} 28. Nf6 {873} b5 {144} 29. axb6+
{20} Rxb6 {6} 30. Ra5 {58} Ng8 {179} 31. Ne4 {296} Rab8 {9} 32. f4 {25} Re8 {
344} 33. f5 {182} Ne7 {32} 34. f6 {104} Nc8 {18} 35. Kg3 {194} Rb8 {181} 36.
Bd2 {201} Nxd3 {254} 37. Rxa6 {16} Nxb2 {25} 38. Rc6+ {24} Kd8 {101} 39. Rxd6+
{72} Nxd6 {12} 40. Ba5+ {3} 1-0

[Event "Championnat de France 2022"]
[Site "ALBI, France"]
[Date "2022.08.21"]
[Round "9.2"]
[White "Trabet, Mathis"]
[Black "Saya, Ethan"]
[Result "0-1"]
[WhiteElo "2066"]
[BlackElo "2146"]
[PlyCount "122"]
[EventDate "2022.??.??"]

1. e4 {5} e6 {9} 2. d4 {4} d5 {5} 3. Nd2 {7} c5 {11} 4. exd5 {14} Qxd5 {24} 5.
Ngf3 {7} cxd4 {10} 6. Bc4 {9} Qd7 {19} 7. Qe2 {489} Nc6 {543} 8. Nb3 {108} Bb4+
{118} 9. Bd2 {26} Bxd2+ {12} 10. Qxd2 {53} e5 {598} 11. O-O-O {87} Nge7 {117}
12. Rhe1 {612} Qf5 {1397} 13. Qe2 {689} Qf4+ {449} 14. Nfd2 {700} Bf5 {178} 15.
g3 {81} Qg4 {342} 16. f4 {434} Qxe2 {138} 17. Bxe2 f6 {169} 18. Nc4 {208} O-O {
528} 19. Nd6 {235} Be6 {70} 20. Nxb7 {37} Bd5 {247} 21. N7c5 {187} Rac8 {170}
22. Kb1 {124} Rfd8 {324} 23. fxe5 {388} fxe5 {9} 24. Bg4 {7} Rc7 {55} 25. Be6+
{255} Kh8 {7} 26. Rf1 {5} Ng6 {51} 27. h4 {75} Nb4 {294} 28. Bxd5 {501} Rxd5 {
30} 29. h5 {5} Ne7 {68} 30. Rf7 {42} Rd6 {68} 31. Re1 {76} Rf6 {66} 32. Rf1 {71
} Rxf7 {137} 33. Rxf7 {2} Kg8 {5} 34. Rf2 {84} Ned5 {32} 35. Ne6 {147} Rf7 {13}
36. Rxf7 {73} Kxf7 {1} 37. Ng5+ {23} Kf6 {19} 38. Nxh7+ {6} Kf5 {7} 39. Nf8 {43
} Nf6 {59} 40. c3 {42} dxc3 {38} 41. bxc3 {1} Nc6 {51} 42. Kc2 {212} Nxh5 {253}
43. Kd3 {61} Nxg3 {28} 44. Kc4 {30} g5 {290} 45. Kd5 {72} Ne7+ {30} 46. Kd6 {
101} Nc8+ {18} 47. Kc6 {555} Nb6 {237} 48. Kb7 {481} Ne2 {49} 49. Nd2 {91} Nxc3
{51} 50. Kxa7 {4} Nbd5 {78} 51. Nd7 {31} g4 {62} 52. Nf1 {74} e4 {424} 53. Nc5
{7} e3 {117} 54. a4 {21} e2 {128} 55. Ng3+ {21} Kf4 {16} 56. Nxe2+ {7} Nxe2 57.
Nd3+ {12} Ke3 {58} 58. Ne1 {50} Kf2 {78} 59. Nd3+ Kf1 {23} 60. Ne5 {24} g3 {8}
61. Nf3 g2 {33} 0-1

[Event "Championnat de France 2022"]
[Site "ALBI, France"]
[Date "2022.08.21"]
[Round "9.3"]
[White "Devallee, Jeremie"]
[Black "Garrido, Mihai"]
[Result "1-0"]
[WhiteElo "2186"]
[BlackElo "2044"]
[PlyCount "75"]
[EventDate "2022.??.??"]

1. e4 {149} e5 {7} 2. Nf3 {152} Nc6 {8} 3. Bc4 {6} Nf6 {17} 4. d4 {393} exd4 {
28} 5. e5 {6} d5 {5} 6. Bb5 {4} Ne4 {3} 7. Nxd4 {6} Bd7 {2} 8. Bxc6 {8} bxc6 {3
} 9. O-O {8} Bc5 {4} 10. f3 {5} Ng5 {3} 11. Be3 {5} O-O {5} 12. f4 {3} f6 {3}
13. exf6 {377} Nh3+ {3} 14. gxh3 {7} Bxh3 {4} 15. Rf3 {1027} Bg4 {28} 16. Nd2 {
692} Qxf6 {90} 17. c3 {118} Rae8 {540} 18. Qf1 {293} Bxf3 {2374} 19. Qxf3 {6}
Qh4 {223} 20. Kh1 {423} Bd6 {752} 21. Rf1 {33} Qh6 {766} 22. Rf2 {277} Kh8 {170
} 23. Nf1 {402} g5 {337} 24. Nxc6 {40} Re4 {79} 25. f5 {473} Bf4 {126} 26. Bd4+
{31} Kg8 27. f6 {127} Kf7 {367} 28. Ng3 {27} g4 {104} 29. Qg2 {144} Re1+ {187}
30. Rf1 {38} Re6 {65} 31. Nf5 {81} Qg5 {17} 32. Qxd5 {21} Rfe8 {40} 33. Qd7+ {
92} Kg6 {17} 34. Qg7+ {72} Kxf5 {14} 35. Qxh7+ {5} Qg6 {17} 36. Rxf4+ {4} Kxf4
{5} 37. Qxg6 {8} Re1+ {8} 38. Kg2 {26} 1-0

[Event "Championnat de France 2022"]
[Site "ALBI, France"]
[Date "2022.08.21"]
[Round "9.4"]
[White "Bitbol-Delaveyne, Maelan"]
[Black "Garde, Guillaume"]
[Result "1-0"]
[WhiteElo "2116"]
[BlackElo "1978"]
[PlyCount "73"]
[EventDate "2022.??.??"]

1. Nf3 {3} d5 {7} 2. g3 {10} g6 {5} 3. Bg2 {12} Bg7 {9} 4. d4 {10} Nd7 {46} 5.
O-O {94} Ngf6 {20} 6. c4 {105} dxc4 {300} 7. Nbd2 {18} Nb6 {122} 8. Qc2 {285}
O-O {42} 9. e4 {44} c6 {952} 10. a4 {112} a5 {83} 11. b3 {31} cxb3 {585} 12.
Nxb3 {17} Bg4 {1291} 13. Bb2 {1317} Nbd7 {315} 14. h3 {455} Bxf3 {353} 15. Bxf3
{10} Qb8 {540} 16. Rab1 {532} e5 {387} 17. dxe5 {282} Nxe5 {26} 18. Bg2 {1}
Ned7 {176} 19. Rfd1 {136} Re8 {215} 20. Bc3 {389} Qc7 {239} 21. Rd2 {78} b6 {
140} 22. Rbd1 {92} Rac8 {462} 23. f4 Nb8 {62} 24. Kh2 {504} Nfd7 {52} 25. h4 {
113} Nf8 {29} 26. Bxg7 {246} Kxg7 {1} 27. Qc3+ {26} Kg8 {8} 28. h5 {25} gxh5 {
90} 29. Nd4 {57} Ne6 {28} 30. Nf5 {22} h6 {35} 31. Qf6 {68} c5 {34} 32. Nxh6+ {
42} Kh7 {14} 33. Bh3 {32} Ng7 {30} 34. Bxc8 {139} Rxc8 {39} 35. Nxf7 {13} Rf8 {
24} 36. Ng5+ {7} Kg8 {4} 37. Rd8 {76} 1-0

[Event "Championnat de France 2022"]
[Site "ALBI, France"]
[Date "2022.08.21"]
[Round "9.5"]
[White "Bosc, Seraphina"]
[Black "Bourdeaux, Gabin"]
[Result "0-1"]
[WhiteElo "2107"]
[BlackElo "1983"]
[PlyCount "112"]
[EventDate "2022.??.??"]

1. e4 {11} e6 {42} 2. Nf3 {41} d5 {51} 3. Nc3 {10} Nf6 {40} 4. e5 {13} Nfd7 {43
} 5. d4 {8} c5 {10} 6. Bg5 {70} Qb6 {157} 7. dxc5 {100} Nxc5 {190} 8. Qd2 {347}
Nc6 {238} 9. O-O-O {208} Bd7 {438} 10. Kb1 {372} Rc8 {527} 11. h4 {771} Nb4 {
890} 12. Nd4 {254} Na4 {89} 13. Nxa4 {549} Bxa4 {3} 14. Rc1 {155} Bc5 {207} 15.
Be3 {369} O-O {761} 16. c3 {775} Nc6 {11} 17. Nxc6 {51} bxc6 {188} 18. Bxc5 {63
} Qxc5 {4} 19. h5 {22} f5 {235} 20. h6 {372} g6 {9} 21. Qd4 {228} Qa5 {146} 22.
Rh4 {670} Bb5 {45} 23. Bxb5 {191} Qxb5 {585} 24. Qxa7 {57} Rf7 {5} 25. Qa4 {38}
Qe2 {39} 26. f4 {336} Qxg2 {37} 27. Qc2 {71} Qg3 {106} 28. Qh2 {6} Qd3+ {83}
29. Ka1 {26} Ra8 {27} 30. Qc2 {82} Qe3 {4} 31. Rd1 {43} Rfa7 {41} 32. a3 {16}
Qc5 {5} 33. Kb1 {38} Rb7 {38} 34. Kc1 {38} Rxa3 {135} 35. bxa3 {37} Qxa3+ {2}
36. Kd2 {15} Rb2 {3} 37. Rc1 {25} Rxc2+ {15} 38. Rxc2 {7} Qc5 {4} 39. Rh2 {77}
Qg1 {80} 40. Re2 {27} Qg3 {31} 41. Rb2 {16} Qxf4+ {24} 42. Kd1 {13} g5 {149}
43. Rb7 {16} Qf1+ {59} 44. Kd2 {36} g4 {48} 45. Rg7+ {21} Kf8 {5} 46. Rxh7 {20}
g3 {279} 47. Rh8+ {255} Kf7 {104} 48. h7 {50} Qf4+ {163} 49. Re3 {5} Kg7 {21}
50. Rg8+ {2} Kxh7 {5} 51. Rgxg3 {9} Qf2+ {58} 52. Kd1 {82} f4 {57} 53. Rh3+ {5}
Kg6 {4} 54. Rd3 {30} c5 {493} 55. Rhf3 {151} Qg1+ {20} 56. Ke2 {80} Kf5 {160}
0-1